| 000 | 01055cam a2200229 4500 | ||
|---|---|---|---|
| 001 | WB3819-03 | ||
| 008 | 020521n2002 000 0 eng u | ||
| 035 | _a(Sirsi) u118080 | ||
| 245 | _aBuilding tops bribes league | ||
| 260 | _c2002 | ||
| 490 |
_aTransparency International Press Release _v14 May 2002, (6) |
||
| 520 | _aTransparency International's "Bribe Payers Index 2002" reveals that construction is the most corrupt industry in the world scoring just 1.3 out of 10. The survey by the global anti-corruption organisation gives 17 industries and 21 exporting countries marks out of 10 for levels of corruption, with 10 being the least corrupt. Property scored 3.5 and the UK as a whole scored 6.9. http://www.transparency.org/pressreleases_archive/2002/2002.05.14.bpi.en.html | ||
| 590 | _aWB | ||
| 650 | _aTRANSPARENCY INTERNATIONAL | ||
| 650 | _aBRIBERY | ||
| 650 | _aINTERNATIONAL MARKETS | ||
| 650 | _aCONSTRUCTION INDUSTRY | ||
| 650 | _aCORRUPTION | ||
| 650 | _aPROPERTY INDUSTRY | ||
| 690 | _aBUILT ENVIRONMENT | ||
| 942 | _n0 | ||
| 999 |
_c70319 _d70319 |
||